000 01460nam2a22003011 4500
001 RU\NLR\Per\725816
005 20250617184219.0
035 _a(NLR Aleph) 002972785
090 _a4080074
_c4080074
100 _a20101203d2005 |||y0rusy50 ca
101 0 _arus
102 _aRU
105 _ay |||||||||
200 1 _aАктуальные вопросы урологии. Заболевания предстательной железы. Новые технологии в урологии
210 _d2005
_aБ. м.
461 0 _1001RU\NLR\Per\800764
_12001#$aЗдравоохранение Башкортостана. Специальный выпуск$eнаучно-практический журнал$v2005, № 3
_92087047
_cУфа
_d1998 - 2006
_n[б. и.]
_oнаучно-практический журнал
_tЗдравоохранение Башкортостана. Специальный выпуск
_x0869-6306
_v2005, № 3
606 1 _aУрология
_jСборники
_9925794
_3RU\NLR\AUTH\6621413
606 1 _aУрология
_jСборники
_xИнновационные технологии
_92614858
_3RU\NLR\AUTH\661551416
606 1 _aОнкоурология
_jСборники
_91793823
_3RU\NLR\AUTH\66807506
686 1 _aР69я43
686 1 _aР569.69я43
801 1 _aRU
_bInfoComm
_c20040315
801 0 _aRU
_bNLR
_gPSBO
852 _aNLR
_jП17/1484
942 _cISSUE
980 _aNB
980 _aRUSPER